00452 a2200169 4500260001100000100002500011260001900036245005000055650004000105260001400145300001700159130000800176440004400184035000800228500002800236020001800264 aLondon aCROMPTON, Thomas Roy bAcademic Press aChemical analysis of organometallic compounds a c1973-1974 bill. ; 24 cm lFr. a(The Analysis of organic materiels, 4) a859 aIncludes bibliographies a0-12-197301-8